[Event "DEM U16w 2021"]
[Site "Willingen GER"]
[Date "2021.08.28"]
[Round "8"]
[White "Yue, Qizhou"]
[Black "Buchholz, Maja"]
[Result "0-1"]
[Termination "normal"]
[Board "1"]
[WhiteElo "1798"]
[BlackElo "1720"]
[WhiteClock "00:01:36"]
[BlackClock "00:02:27"]
[PlyCount "136"]
[WhiteFideId "16273800"]
[BlackFideId "16200500"]
[EventCountry "GER"]
[EventRounds "9"]
[EventType "swiss"]
[EventDate "2021.08.22"]

1. e4 {[%clk 1:30:58]} b6 {[%clk 1:30:51]} 2. d4 {[%clk 1:30:14]} Bb7 {[%clk
1:31:13]} 3. Nc3 {[%clk 1:29:56]} e6 {[%clk 1:31:28]} 4. a3 {[%clk 1:23:30]}
Nf6 {[%clk 1:31:14]} 5. e5 {[%clk 1:14:12]} Nd5 {[%clk 1:31:27]} 6. Nxd5 {[%clk
1:12:55]} Bxd5 {[%clk 1:31:11]} 7. Nf3 {[%clk 1:12:45]} c5 {[%clk 1:29:47]} 8.
c3 {[%clk 1:00:31]} d6 {[%clk 1:27:06]} 9. Bb5+ {[%clk 0:55:20]} Nd7 {[%clk
1:25:48]} 10. c4 {[%clk 0:44:06]} Bb7 {[%clk 1:24:27]} 11. dxc5 {[%clk
0:41:42]} dxc5 {[%clk 1:22:42]} 12. O-O {[%clk 0:40:01]} Be7 {[%clk 1:20:33]}
13. Qd3 {[%clk 0:39:29]} a6 {[%clk 1:17:13]} 14. Ba4 {[%clk 0:39:19]} Ra7
{[%clk 1:16:04]} 15. Rd1 {[%clk 0:38:42]} Bc8 {[%clk 1:15:07]} 16. Bf4 {[%clk
0:33:18]} O-O {[%clk 1:13:37]} 17. Bc2 {[%clk 0:33:08]} g6 {[%clk 1:06:24]} 18.
Bh6 {[%clk 0:30:41]} Re8 {[%clk 1:06:06]} 19. Qe3 {[%clk 0:30:34]} Qc7 {[%clk
1:03:36]} 20. Ba4 {[%clk 0:19:24]} Rb7 21. Bxd7 {[%clk 0:17:13]} Bxd7 {[%clk
0:57:31]} 22. Bg5 {[%clk 0:17:00]} Bc6 {[%clk 0:48:46]} 23. Bxe7 {[%clk
0:16:14]} Rxe7 {[%clk 0:48:57]} 24. Ng5 {[%clk 0:15:27]} h6 {[%clk 0:47:32]}
25. Nh3 {[%clk 0:15:13]} Kh7 {[%clk 0:43:27]} 26. f3 {[%clk 0:12:25]} Rd7
{[%clk 0:42:25]} 27. Nf2 {[%clk 0:12:30]} Qd8 {[%clk 0:37:34]} 28. Rxd7 {[%clk
0:12:20]} Rxd7 {[%clk 0:37:35]} 29. Ng4 {[%clk 0:10:25]} Rd1+ {[%clk 0:35:14]}
30. Rxd1 {[%clk 0:10:43]} Qxd1+ {[%clk 0:35:41]} 31. Kf2 {[%clk 0:11:06]} g5
{[%clk 0:32:39]} 32. h4 {[%clk 0:08:34]} Kg6 {[%clk 0:29:33]} 33. Kg3 {[%clk
0:03:59]} Qh1 {[%clk 0:12:09]} 34. hxg5 {[%clk 0:03:37]} hxg5 {[%clk 0:12:24]}
35. Nh2 {[%clk 0:03:50]} b5 {[%clk 0:11:40]} 36. b3 {[%clk 0:02:18]} b4 {[%clk
0:07:31]} 37. axb4 {[%clk 0:02:28]} cxb4 {[%clk 0:07:44]} 38. Qd2 {[%clk
0:02:21]} a5 {[%clk 0:07:39]} 39. Qd3+ {[%clk 0:01:22]} Kg7 {[%clk 0:02:25]}
40. Qd2 {[%clk 0:01:38]} Kg6 {[%clk 0:02:30]} 41. Qd3+ Kg7 {[%clk 0:16:39]} 42.
Qd2 {[%clk 0:29:21]} Kg6 {[%clk 0:16:27]} 43. Qd3+ {[%clk 0:29:22]} Kh6 {[%clk
0:07:06]} 44. Ng4+ {[%clk 0:28:58]} Kg7 {[%clk 0:07:31]} 45. Kf2 {[%clk
0:29:12]} Qh8 {[%clk 0:07:22]} 46. Qd6 {[%clk 0:26:54]} Qa8 {[%clk 0:07:25]}
47. Qe7 {[%clk 0:26:19]} a4 {[%clk 0:06:53]} 48. Qxg5+ {[%clk 0:26:04]} Kf8
{[%clk 0:07:04]} 49. bxa4 {[%clk 0:19:29]} b3 {[%clk 0:07:10]} 50. Qd2 {[%clk
0:19:22]} Qxa4 {[%clk 0:05:28]} 51. Ne3 {[%clk 0:12:25]} Qa3 {[%clk 0:03:54]}
52. Nd1 {[%clk 0:09:09]} Qc5+ {[%clk 0:02:03]} 53. Ne3 {[%clk 0:07:51]} Ba4
{[%clk 0:01:25]} 54. Qb2 {[%clk 0:07:59]} Ke7 {[%clk 0:01:13]} 55. Ke2 {[%clk
0:07:55]} Kd7 {[%clk 0:01:16]} 56. Kd3 {[%clk 0:06:58]} Kc6 {[%clk 0:01:23]}
57. Ng4 {[%clk 0:05:21]} Qb4 {[%clk 0:01:24]} 58. Nf6 {[%clk 0:05:16]} Kb7
{[%clk 0:00:55]} 59. Ne4 {[%clk 0:05:22]} Qe7 {[%clk 0:00:39]} 60. Nc3 {[%clk
0:05:05]} Qd7+ {[%clk 0:00:52]} 61. Ke3 {[%clk 0:04:42]} Kb6 {[%clk 0:00:55]}
62. Nxa4+ {[%clk 0:04:36]} Qxa4 {[%clk 0:01:22]} 63. Kd4 {[%clk 0:04:38]} Qb4
{[%clk 0:01:30]} 64. Kd3 {[%clk 0:02:40]} Ka5 {[%clk 0:01:33]} 65. Qc3 {[%clk
0:01:54]} Ka4 {[%clk 0:01:24]} 66. Qxb4+ {[%clk 0:01:07]} Kxb4 {[%clk 0:01:50]}
67. c5 {[%clk 0:01:33]} Ka3 {[%clk 0:02:00]} 68. c6 {[%clk 0:01:36]} b2 {[%clk
0:02:27]} 0-1

[Event "DEM U16w 2021"]
[Site "Willingen GER"]
[Date "2021.08.28"]
[Round "8"]
[White "Doll, Rebecca"]
[Black "Reuter, Elisa"]
[Result "1-0"]
[Termination "normal"]
[Board "2"]
[BlackTitle "WCM"]
[WhiteElo "1803"]
[BlackElo "1845"]
[WhiteClock "00:06:34"]
[BlackClock "00:37:40"]
[PlyCount "135"]
[WhiteFideId "16236890"]
[BlackFideId "12995444"]
[EventCountry "GER"]
[EventRounds "9"]
[EventType "swiss"]
[EventDate "2021.08.22"]

1. e4 {[%clk 1:30:54]} c5 {[%clk 1:30:59]} 2. Nf3 {[%clk 1:31:12]} Nc6 {[%clk
1:31:25]} 3. d4 {[%clk 1:31:29]} cxd4 {[%clk 1:31:50]} 4. Nxd4 {[%clk 1:31:56]}
Nf6 {[%clk 1:32:14]} 5. Nc3 {[%clk 1:32:19]} e5 {[%clk 1:32:41]} 6. Ndb5 {[%clk
1:32:37]} d6 {[%clk 1:33:02]} 7. Bg5 {[%clk 1:32:55]} a6 {[%clk 1:33:27]} 8.
Na3 {[%clk 1:33:16]} b5 {[%clk 1:33:52]} 9. Nd5 {[%clk 1:33:42]} Be7 {[%clk
1:34:16]} 10. Bxf6 {[%clk 1:33:44]} Bxf6 {[%clk 1:34:41]} 11. c4 {[%clk
1:32:51]} b4 {[%clk 1:34:25]} 12. Nc2 {[%clk 1:32:51]} Rb8 {[%clk 1:34:42]} 13.
g3 {[%clk 1:29:56]} Bg5 {[%clk 1:30:55]} 14. Bg2 {[%clk 1:27:45]} O-O {[%clk
1:26:30]} 15. b3 {[%clk 1:22:39]} a5 {[%clk 1:25:21]} 16. O-O {[%clk 1:19:50]}
f5 {[%clk 1:20:45]} 17. f4 {[%clk 1:02:59]} Bh6 {[%clk 1:16:02]} 18. Qd3 {[%clk
0:59:06]} exf4 {[%clk 1:08:06]} 19. gxf4 {[%clk 0:56:38]} Ne7 {[%clk 1:03:02]}
20. Nce3 {[%clk 0:48:44]} g6 {[%clk 0:58:53]} 21. Rad1 {[%clk 0:36:28]} fxe4
{[%clk 0:56:02]} 22. Qxe4 {[%clk 0:34:55]} Nxd5 {[%clk 0:51:29]} 23. Nxd5
{[%clk 0:26:30]} Kh8 {[%clk 0:46:40]} 24. Qd4+ {[%clk 0:15:38]} Bg7 {[%clk
0:45:27]} 25. Qd2 {[%clk 0:15:08]} Be6 {[%clk 0:42:28]} 26. Kh1 {[%clk
0:14:21]} Bxd5 {[%clk 0:36:59]} 27. Qxd5 {[%clk 0:14:15]} Rf5 {[%clk 0:34:40]}
28. Qxd6 {[%clk 0:13:21]} Qxd6 {[%clk 0:35:02]} 29. Rxd6 {[%clk 0:13:45]} Bh6
{[%clk 0:33:28]} 30. Ra6 {[%clk 0:09:00]} Re8 {[%clk 0:27:46]} 31. Bf3 {[%clk
0:04:48]} Rc5 {[%clk 0:22:54]} 32. Bg4 {[%clk 0:02:42]} Rf8 {[%clk 0:21:58]}
33. f5 {[%clk 0:01:43]} Bg5 {[%clk 0:20:43]} 34. f6 {[%clk 0:01:44]} Re5 {[%clk
0:19:49]} 35. Kg2 {[%clk 0:01:38]} h5 {[%clk 0:19:20]} 36. Bd7 {[%clk 0:01:10]}
Re2+ {[%clk 0:19:08]} 37. Kg3 {[%clk 0:01:35]} Re3+ {[%clk 0:17:04]} 38. Kg2
{[%clk 0:01:30]} Re2+ {[%clk 0:17:29]} 39. Kh1 {[%clk 0:00:50]} Rxa2 {[%clk
0:16:20]} 40. Ba4 {[%clk 0:00:45]} Rc2 {[%clk 0:14:43]} 41. f7 {[%clk 0:28:17]}
Kg7 {[%clk 0:42:12]} 42. Rxa5 {[%clk 0:26:28]} Be7 {[%clk 0:41:09]} 43. Be8
{[%clk 0:19:50]} Rb2 {[%clk 0:39:33]} 44. c5 {[%clk 0:12:29]} Rxb3 {[%clk
0:39:07]} 45. Rc1 {[%clk 0:11:06]} Rc3 {[%clk 0:37:30]} 46. Rxc3 {[%clk
0:09:24]} bxc3 {[%clk 0:37:57]} 47. c6 {[%clk 0:09:07]} Bd6 {[%clk 0:37:20]}
48. Ra2 {[%clk 0:08:17]} Kf6 {[%clk 0:36:51]} 49. Rc2 {[%clk 0:08:11]} Ke7
{[%clk 0:37:04]} 50. Rxc3 {[%clk 0:06:44]} Kd8 {[%clk 0:37:30]} 51. Kg2 {[%clk
0:06:33]} Kc7 {[%clk 0:37:38]} 52. h3 {[%clk 0:05:15]} g5 {[%clk 0:37:49]} 53.
Kf3 {[%clk 0:05:20]} g4+ {[%clk 0:37:42]} 54. hxg4 {[%clk 0:05:15]} hxg4+
{[%clk 0:38:07]} 55. Kxg4 {[%clk 0:05:38]} Rh8 {[%clk 0:38:29]} 56. Kf5 {[%clk
0:05:33]} Rh5+ {[%clk 0:38:17]} 57. Kg6 {[%clk 0:05:52]} Rh2 {[%clk 0:38:08]}
58. Rb3 {[%clk 0:05:31]} Rg2+ {[%clk 0:38:25]} 59. Kf5 {[%clk 0:05:32]} Rf2+
{[%clk 0:38:46]} 60. Ke4 {[%clk 0:05:22]} Rf1 {[%clk 0:38:54]} 61. Rf3 {[%clk
0:04:43]} Rxf3 {[%clk 0:38:34]} 62. Kxf3 {[%clk 0:05:09]} Bf8 {[%clk 0:37:49]}
63. Ke4 {[%clk 0:05:09]} Kd6 {[%clk 0:37:35]} 64. Kf5 {[%clk 0:05:17]} Kc7
{[%clk 0:37:03]} 65. Kg6 {[%clk 0:05:34]} Kd8 {[%clk 0:37:27]} 66. Kh7 {[%clk
0:05:58]} Bd6 {[%clk 0:37:23]} 67. Kg7 {[%clk 0:06:10]} Be5+ {[%clk 0:37:40]}
68. Kg8 {[%clk 0:06:34]} 1-0

[Event "DEM U16w 2021"]
[Site "Willingen GER"]
[Date "2021.08.28"]
[Round "8"]
[White "Dietz, Kristin"]
[Black "Wagner, Margarethe"]
[Result "1-0"]
[Termination "normal"]
[Board "3"]
[WhiteElo "1933"]
[BlackElo "1832"]
[WhiteClock "00:46:43"]
[BlackClock "00:02:30"]
[PlyCount "75"]
[WhiteFideId "12993743"]
[BlackFideId "16236947"]
[EventCountry "GER"]
[EventRounds "9"]
[EventType "swiss"]
[EventDate "2021.08.22"]

1. e4 {[%clk 1:30:59]} c5 {[%clk 1:30:52]} 2. Nf3 {[%clk 1:31:14]} d6 {[%clk
1:31:15]} 3. d4 {[%clk 1:31:40]} cxd4 {[%clk 1:31:38]} 4. Nxd4 {[%clk 1:32:06]}
Nf6 {[%clk 1:32:00]} 5. Nc3 {[%clk 1:32:31]} a6 {[%clk 1:32:24]} 6. Qf3 {[%clk
1:32:51]} e5 {[%clk 1:30:37]} 7. Nf5 {[%clk 1:33:15]} Be6 {[%clk 1:24:28]} 8.
Bg5 {[%clk 1:32:01]} Nbd7 {[%clk 1:21:38]} 9. O-O-O {[%clk 1:31:52]} Qc7 {[%clk
1:20:13]} 10. h3 {[%clk 1:28:06]} Rc8 {[%clk 1:15:22]} 11. Bd3 {[%clk 1:24:06]}
Bxf5 {[%clk 1:08:14]} 12. exf5 {[%clk 1:23:10]} Be7 {[%clk 1:05:35]} 13. g4
{[%clk 1:21:54]} Qc6 {[%clk 1:01:19]} 14. Qxc6 {[%clk 1:19:49]} Rxc6 {[%clk
1:01:07]} 15. Bxf6 {[%clk 1:17:45]} Nxf6 {[%clk 0:58:02]} 16. Rhe1 {[%clk
1:11:58]} O-O {[%clk 0:47:36]} 17. f4 {[%clk 1:09:50]} Rc5 {[%clk 0:33:04]} 18.
Na4 {[%clk 0:54:56]} Ra5 {[%clk 0:32:09]} 19. Nb6 {[%clk 0:55:03]} Rc5 {[%clk
0:26:55]} 20. g5 {[%clk 0:53:46]} Nh5 {[%clk 0:25:04]} 21. Nd7 {[%clk 0:53:31]}
Nxf4 {[%clk 0:24:01]} 22. f6 {[%clk 0:49:26]} Nxd3+ {[%clk 0:20:53]} 23. Rxd3
{[%clk 0:49:49]} Bd8 {[%clk 0:19:16]} 24. Nxf8 {[%clk 0:47:49]} Kxf8 {[%clk
0:19:26]} 25. Rxd6 {[%clk 0:48:11]} Bc7 {[%clk 0:18:36]} 26. Rd7 {[%clk
0:48:18]} gxf6 {[%clk 0:14:59]} 27. gxf6 {[%clk 0:48:42]} h6 {[%clk 0:14:36]}
28. Red1 {[%clk 0:48:28]} Kg8 {[%clk 0:13:40]} 29. Re7 {[%clk 0:48:44]} e4
{[%clk 0:11:44]} 30. Rdd7 {[%clk 0:44:30]} Bf4+ {[%clk 0:11:02]} 31. Kd1 {[%clk
0:44:54]} e3 {[%clk 0:07:16]} 32. Rxf7 {[%clk 0:44:26]} Rd5+ {[%clk 0:04:44]}
33. Rxd5 {[%clk 0:44:50]} Kxf7 {[%clk 0:05:08]} 34. Rd7+ {[%clk 0:45:09]} Kxf6
{[%clk 0:04:58]} 35. Rxb7 {[%clk 0:45:35]} Kf5 {[%clk 0:04:00]} 36. Rb6 {[%clk
0:45:53]} Ke4 {[%clk 0:02:46]} 37. Ke2 {[%clk 0:46:16]} a5 {[%clk 0:02:30]} 38.
Ra6 {[%clk 0:46:43]} 1-0

[Event "DEM U16w 2021"]
[Site "Willingen GER"]
[Date "2021.08.28"]
[Round "8"]
[White "Heutling, Elina"]
[Black "Becker, Linda"]
[Result "1/2-1/2"]
[Termination "normal"]
[Board "4"]
[WhiteElo "1919"]
[BlackElo "1674"]
[WhiteClock "00:01:41"]
[BlackClock "00:05:32"]
[PlyCount "74"]
[WhiteFideId "16244729"]
[BlackFideId "16244753"]
[EventCountry "GER"]
[EventRounds "9"]
[EventType "swiss"]
[EventDate "2021.08.22"]

1. e4 {[%clk 1:30:59]} e6 {[%clk 1:30:54]} 2. d4 {[%clk 1:31:24]} d5 {[%clk
1:31:18]} 3. Nd2 {[%clk 1:31:49]} c5 {[%clk 1:31:37]} 4. exd5 {[%clk 1:32:01]}
exd5 {[%clk 1:31:52]} 5. Ngf3 {[%clk 1:32:24]} Nc6 {[%clk 1:31:31]} 6. Bb5
{[%clk 1:32:37]} cxd4 {[%clk 1:27:29]} 7. O-O {[%clk 1:28:56]} Bd6 {[%clk
1:25:54]} 8. Nb3 {[%clk 1:26:20]} Nge7 {[%clk 1:24:30]} 9. Nbxd4 {[%clk
1:19:15]} O-O {[%clk 1:21:31]} 10. c3 {[%clk 1:18:06]} Bg4 {[%clk 1:17:39]} 11.
Qd3 {[%clk 1:13:52]} Nxd4 {[%clk 1:11:51]} 12. Nxd4 {[%clk 1:13:37]} a6 {[%clk
1:11:18]} 13. Ba4 {[%clk 1:13:11]} Qc7 {[%clk 1:07:04]} 14. h3 {[%clk 1:08:27]}
Bd7 {[%clk 1:04:03]} 15. Bc2 {[%clk 1:08:33]} g6 {[%clk 1:00:42]} 16. Bh6
{[%clk 1:01:35]} Rfe8 {[%clk 0:59:40]} 17. Bb3 {[%clk 0:57:31]} Bf4 {[%clk
0:48:36]} 18. Bxf4 {[%clk 0:55:29]} Qxf4 {[%clk 0:48:56]} 19. Rfe1 {[%clk
0:45:16]} Rad8 {[%clk 0:39:38]} 20. Re3 {[%clk 0:38:17]} Nf5 {[%clk 0:28:30]}
21. Nxf5 {[%clk 0:32:33]} Bxf5 {[%clk 0:27:50]} 22. Rxe8+ {[%clk 0:32:36]} Rxe8
{[%clk 0:28:11]} 23. Qxd5 {[%clk 0:32:04]} Be4 {[%clk 0:24:48]} 24. Qd7 {[%clk
0:30:59]} Bc6 {[%clk 0:24:26]} 25. Qd3 {[%clk 0:28:40]} Qg5 {[%clk 0:22:42]}
26. g3 {[%clk 0:19:45]} Rd8 {[%clk 0:20:09]} 27. Qc4 {[%clk 0:15:29]} Qf5
{[%clk 0:17:52]} 28. f4 {[%clk 0:09:04]} Rd2 {[%clk 0:12:53]} 29. g4 {[%clk
0:07:40]} Qf6 {[%clk 0:10:59]} 30. a4 {[%clk 0:06:53]} b5 {[%clk 0:07:05]} 31.
axb5 {[%clk 0:05:47]} Rg2+ {[%clk 0:07:14]} 32. Kf1 {[%clk 0:01:41]} Bxb5
{[%clk 0:06:21]} 33. Qxb5 {[%clk 0:02:06]} Qxf4+ {[%clk 0:06:16]} 34. Kxg2
{[%clk 0:02:07]} axb5 {[%clk 0:06:36]} 35. Rf1 {[%clk 0:01:58]} Qe4+ {[%clk
0:06:08]} 36. Kg3 {[%clk 0:01:40]} Qe3+ {[%clk 0:05:44]} 37. Rf3 {[%clk
0:01:41]} Qe1+ {[%clk 0:05:32]} 1/2-1/2

[Event "DEM U16w 2021"]
[Site "Willingen GER"]
[Date "2021.08.28"]
[Round "8"]
[White "Kalina, Lena"]
[Black "Petersen, Sophie"]
[Result "0-1"]
[Termination "normal"]
[Board "5"]
[WhiteElo "1605"]
[BlackElo "1515"]
[WhiteClock "00:01:41"]
[BlackClock "00:12:46"]
[PlyCount "76"]
[WhiteFideId "12988014"]
[BlackFideId "16229380"]
[EventCountry "GER"]
[EventRounds "9"]
[EventType "swiss"]
[EventDate "2021.08.22"]

1. d4 {[%clk 1:30:58]} Nf6 {[%clk 1:30:52]} 2. c4 {[%clk 1:31:09]} c5 {[%clk
1:31:13]} 3. Nf3 {[%clk 1:31:22]} cxd4 {[%clk 1:31:13]} 4. Nxd4 {[%clk
1:30:32]} e5 {[%clk 1:31:13]} 5. Nb5 {[%clk 1:26:54]} d5 {[%clk 1:31:31]} 6.
cxd5 {[%clk 1:23:34]} Bc5 {[%clk 1:31:35]} 7. g3 {[%clk 1:15:19]} Qb6 {[%clk
1:28:05]} 8. e3 {[%clk 1:15:29]} Bg4 {[%clk 1:21:26]} 9. Be2 {[%clk 1:12:45]}
Bxe2 {[%clk 1:16:34]} 10. Qxe2 {[%clk 1:13:02]} Nxd5 {[%clk 1:15:04]} 11. O-O
{[%clk 1:08:01]} O-O {[%clk 1:12:49]} 12. N1c3 {[%clk 1:05:06]} Nxc3 {[%clk
1:03:14]} 13. Nxc3 {[%clk 1:04:15]} Qe6 {[%clk 0:56:22]} 14. b3 {[%clk
0:56:24]} Nc6 {[%clk 0:53:53]} 15. Bb2 {[%clk 0:51:12]} e4 {[%clk 0:48:04]} 16.
Qb5 {[%clk 0:47:52]} b6 {[%clk 0:43:21]} 17. Na4 {[%clk 0:40:40]} Be7 {[%clk
0:38:19]} 18. Rac1 {[%clk 0:32:09]} Rfc8 {[%clk 0:35:55]} 19. Rfd1 {[%clk
0:25:58]} Nb4 {[%clk 0:25:22]} 20. Rxc8+ {[%clk 0:19:11]} Rxc8 {[%clk 0:25:30]}
21. Qd7 {[%clk 0:16:36]} Nd3 {[%clk 0:24:18]} 22. Qxe6 {[%clk 0:13:18]} fxe6
{[%clk 0:24:28]} 23. Rd2 {[%clk 0:08:31]} Bb4 {[%clk 0:23:06]} 24. Re2 {[%clk
0:07:19]} b5 {[%clk 0:22:53]} 25. a3 {[%clk 0:06:52]} bxa4 {[%clk 0:18:05]} 26.
axb4 {[%clk 0:06:35]} axb3 {[%clk 0:18:01]} 27. Kf1 {[%clk 0:01:03]} Rc2 {[%clk
0:17:02]} 28. Bd4 {[%clk 0:00:34]} b2 {[%clk 0:15:20]} 29. Bxb2 {[%clk
0:00:46]} Rxb2 {[%clk 0:15:16]} 30. Rxb2 {[%clk 0:00:43]} Nxb2 {[%clk 0:15:36]}
31. Ke2 {[%clk 0:01:03]} a6 {[%clk 0:15:03]} 32. Kd2 {[%clk 0:00:38]} Nd3
{[%clk 0:15:12]} 33. f3 {[%clk 0:00:37]} Nxb4 {[%clk 0:15:02]} 34. fxe4 {[%clk
0:01:00]} Kf7 {[%clk 0:14:19]} 35. Kc3 {[%clk 0:01:07]} a5 {[%clk 0:14:24]} 36.
e5 {[%clk 0:00:55]} Nc6 {[%clk 0:12:55]} 37. Kb3 {[%clk 0:01:19]} Nxe5 {[%clk
0:12:47]} 38. Ka4 {[%clk 0:01:41]} Nc6 {[%clk 0:12:46]} 0-1

[Event "DEM U16w 2021"]
[Site "Willingen GER"]
[Date "2021.08.28"]
[Round "8"]
[White "Peglau, Mirjam"]
[Black "Schneider, Anna"]
[Result "1-0"]
[Termination "normal"]
[Board "6"]
[WhiteElo "1906"]
[BlackElo "1686"]
[WhiteClock "00:03:58"]
[BlackClock "00:01:01"]
[PlyCount "199"]
[WhiteFideId "16211138"]
[BlackFideId "16200527"]
[EventCountry "GER"]
[EventRounds "9"]
[EventType "swiss"]
[EventDate "2021.08.22"]

1. d4 {[%clk 1:30:57]} d5 {[%clk 1:30:55]} 2. Nf3 {[%clk 1:31:21]} e6 {[%clk
1:31:14]} 3. Bf4 {[%clk 1:31:41]} Nf6 {[%clk 1:31:23]} 4. e3 {[%clk 1:31:56]}
c5 {[%clk 1:31:35]} 5. c3 {[%clk 1:31:52]} Nc6 {[%clk 1:31:12]} 6. Nbd2 {[%clk
1:31:15]} Bd6 {[%clk 1:30:29]} 7. Bg3 {[%clk 1:31:11]} O-O {[%clk 1:29:47]} 8.
Be2 {[%clk 1:23:42]} Re8 {[%clk 1:23:42]} 9. O-O {[%clk 1:20:10]} e5 {[%clk
1:20:15]} 10. dxe5 {[%clk 1:16:54]} Nxe5 {[%clk 1:17:31]} 11. Nxe5 {[%clk
1:11:21]} Bxe5 {[%clk 1:16:54]} 12. Bf3 {[%clk 1:05:47]} Bf5 {[%clk 1:04:22]}
13. Qb3 {[%clk 1:00:08]} Bxg3 {[%clk 0:55:38]} 14. hxg3 {[%clk 1:00:27]} d4
{[%clk 0:51:59]} 15. exd4 {[%clk 0:57:44]} cxd4 {[%clk 0:50:47]} 16. Rad1
{[%clk 0:50:08]} dxc3 {[%clk 0:44:34]} 17. Ne4 {[%clk 0:45:10]} Qe7 {[%clk
0:41:42]} 18. Nxc3 {[%clk 0:39:55]} Rab8 {[%clk 0:39:37]} 19. a3 {[%clk
0:29:22]} Bg4 {[%clk 0:26:14]} 20. Nd5 {[%clk 0:27:38]} Nxd5 {[%clk 0:22:39]}
21. Bxg4 {[%clk 0:27:53]} Nf6 {[%clk 0:21:43]} 22. Bf3 {[%clk 0:28:13]} b6
{[%clk 0:20:26]} 23. Rd3 {[%clk 0:24:24]} Rbd8 {[%clk 0:19:02]} 24. Rfd1 {[%clk
0:23:29]} h6 {[%clk 0:17:58]} 25. Kf1 {[%clk 0:14:34]} Qc7 {[%clk 0:15:16]} 26.
Rxd8 {[%clk 0:12:55]} Rxd8 {[%clk 0:15:35]} 27. Rxd8+ {[%clk 0:13:14]} Qxd8
{[%clk 0:16:03]} 28. Qd1 {[%clk 0:13:28]} Qc7 {[%clk 0:16:04]} 29. Qd2 {[%clk
0:12:41]} Qc5 {[%clk 0:14:40]} 30. Qc3 {[%clk 0:08:52]} Qe7 {[%clk 0:12:37]}
31. Qc8+ {[%clk 0:06:49]} Qe8 {[%clk 0:11:18]} 32. Qxe8+ {[%clk 0:07:11]} Nxe8
{[%clk 0:11:43]} 33. Ke2 {[%clk 0:07:36]} Kf8 {[%clk 0:11:56]} 34. Kd3 {[%clk
0:07:39]} Ke7 {[%clk 0:11:49]} 35. Kc4 {[%clk 0:06:14]} Kd6 {[%clk 0:11:25]}
36. b4 {[%clk 0:05:20]} a6 {[%clk 0:09:29]} 37. a4 {[%clk 0:04:52]} Nc7 {[%clk
0:07:40]} 38. Bb7 {[%clk 0:02:47]} f5 {[%clk 0:02:19]} 39. Bc8 {[%clk 0:02:03]}
g6 {[%clk 0:01:48]} 40. Bb7 {[%clk 0:01:07]} g5 {[%clk 0:00:31]} 41. Bc8 {[%clk
0:29:28]} f4 {[%clk 0:25:38]} 42. gxf4 {[%clk 0:29:32]} gxf4 {[%clk 0:22:33]}
43. a5 {[%clk 0:25:22]} Kc6 {[%clk 0:20:02]} 44. axb6 {[%clk 0:20:38]} Kxb6
{[%clk 0:20:17]} 45. Bd7 {[%clk 0:20:17]} Na8 {[%clk 0:15:19]} 46. Kd4 {[%clk
0:17:57]} Kc7 {[%clk 0:14:40]} 47. Bg4 {[%clk 0:17:22]} Kd6 {[%clk 0:13:40]}
48. Ke4 {[%clk 0:16:22]} Nc7 {[%clk 0:13:18]} 49. Be2 {[%clk 0:14:50]} Nd5
{[%clk 0:08:20]} 50. Bxa6 {[%clk 0:14:56]} Nxb4 {[%clk 0:08:32]} 51. Bc4 {[%clk
0:14:04]} Nc6 {[%clk 0:06:03]} 52. Kxf4 {[%clk 0:13:54]} Ne5 {[%clk 0:06:15]}
53. Ba2 {[%clk 0:12:39]} Nd3+ {[%clk 0:06:03]} 54. Ke3 {[%clk 0:12:42]} Nb4
{[%clk 0:05:28]} 55. Bb3 {[%clk 0:12:49]} Ke5 {[%clk 0:05:45]} 56. g4 {[%clk
0:11:31]} Nc6 {[%clk 0:05:41]} 57. f4+ {[%clk 0:11:39]} Kf6 {[%clk 0:05:52]}
58. Ke4 {[%clk 0:11:28]} Ne7 {[%clk 0:05:37]} 59. Ba4 {[%clk 0:09:12]} Ng6
{[%clk 0:04:58]} 60. Bc2 {[%clk 0:08:49]} Ne7 {[%clk 0:04:25]} 61. Kd4 {[%clk
0:08:05]} Nc6+ {[%clk 0:04:03]} 62. Kc5 {[%clk 0:08:00]} Nd8 {[%clk 0:04:01]}
63. Kd5 {[%clk 0:07:13]} Ne6 {[%clk 0:04:11]} 64. Ke4 {[%clk 0:07:39]} Nc5+
{[%clk 0:04:10]} 65. Kf3 {[%clk 0:07:40]} Ne6 {[%clk 0:04:02]} 66. Kg3 {[%clk
0:07:56]} Nd4 {[%clk 0:03:18]} 67. Bd3 {[%clk 0:07:35]} Ne6 {[%clk 0:03:17]}
68. Bc4 {[%clk 0:07:48]} Nf8 {[%clk 0:03:06]} 69. Bb5 {[%clk 0:07:44]} Ne6
{[%clk 0:03:10]} 70. Bd3 {[%clk 0:07:18]} Nc7 {[%clk 0:02:06]} 71. Bc4 {[%clk
0:07:14]} Ne8 {[%clk 0:02:06]} 72. Kh4 {[%clk 0:07:20]} Ng7 {[%clk 0:02:07]}
73. Bd5 {[%clk 0:06:55]} Kg6 {[%clk 0:01:50]} 74. Bb3 {[%clk 0:06:08]} Kf6
{[%clk 0:01:56]} 75. Bc4 {[%clk 0:05:51]} Kg6 {[%clk 0:02:01]} 76. Bb5 {[%clk
0:05:58]} Kf6 {[%clk 0:02:01]} 77. Bd7 {[%clk 0:06:11]} Kg6 {[%clk 0:02:14]}
78. Bc8 {[%clk 0:05:39]} Kf6 {[%clk 0:02:04]} 79. Bd7 {[%clk 0:05:30]} Kg6
{[%clk 0:02:18]} 80. Kg3 {[%clk 0:05:52]} Kf6 {[%clk 0:02:28]} 81. Kf3 {[%clk
0:06:11]} Ke7 {[%clk 0:02:32]} 82. Ba4 {[%clk 0:06:15]} Kf6 {[%clk 0:02:38]}
83. Ke4 {[%clk 0:06:34]} Ne6 {[%clk 0:02:54]} 84. Bc2 {[%clk 0:06:42]} Nc7
{[%clk 0:02:46]} 85. Bb3 {[%clk 0:06:36]} Nb5 {[%clk 0:02:42]} 86. Kd3 {[%clk
0:05:25]} Nc7 {[%clk 0:02:35]} 87. Kd4 {[%clk 0:05:25]} Nb5+ {[%clk 0:02:33]}
88. Kc4 {[%clk 0:05:16]} Nd6+ {[%clk 0:02:28]} 89. Kd5 {[%clk 0:05:42]} Nc8
{[%clk 0:02:10]} 90. Kc5 {[%clk 0:05:26]} Ne7 {[%clk 0:01:49]} 91. Bc2 {[%clk
0:05:19]} Nc8 {[%clk 0:02:09]} 92. Be4 {[%clk 0:05:22]} Ne7 {[%clk 0:02:19]}
93. Kd6 {[%clk 0:05:15]} Nc8+ {[%clk 0:02:33]} 94. Kd7 {[%clk 0:05:14]} Nb6+
{[%clk 0:02:35]} 95. Ke8 {[%clk 0:04:43]} Nc4 {[%clk 0:01:40]} 96. Kf8 {[%clk
0:04:59]} Ne3 {[%clk 0:01:55]} 97. Bf3 {[%clk 0:05:01]} Nc4 {[%clk 0:01:16]}
98. Kg8 {[%clk 0:04:43]} Nd6 {[%clk 0:00:59]} 99. Kh7 {[%clk 0:03:58]} Nf7
{[%clk 0:01:01]} 100. Bd5 1-0